Psychologie prodeje /

Na minha lista:
Detalhes bibliográficos
Main Authors: Gretz, Karl F (Author), Drozdeck, Steven R (Author)
Outros Autores: Elman, Jiří (Translator)
Formato: Livro
Idioma:tcheco
Publicado em: Praha : Victoria Publishing, a.s, 1992
Edição:1.vyd.
Assuntos:
Acesso em linha:OBSAH
Tags: Adicionar Tag
Sem tags, seja o primeiro a adicionar uma tag!

MARC

LEADER 00000nam a22000003a 4500
001 stu38058
005 20150617225728.6
008 920914s1992----cs------------------cze-d
020 |a 80-85605-03-1 
040 |a STU  |b slo 
041 0 |a cze 
044 |a cs 
080 |a 658.8.013 
100 1 |a Gretz, Karl F  |4 aut 
245 1 |a Psychologie prodeje /  |c [aut.]Karl F. Gretz, Steven R. Drozdeck; Z amer. Jiří Elman 
250 |a 1.vyd. 
260 |a Praha :  |b Victoria Publishing, a.s,  |c 1992 
300 |a 312 s 
650 7 |a predaj  |2 stusub 
650 7 |a psychológia  |2 stusub 
650 7 |a marketing  |2 estusub 
650 7 |a psychológia predaja  |2 stusub 
700 1 |a Drozdeck, Steven R  |4 aut 
700 1 |a Elman, Jiří  |4 trl 
856 4 |a https://sweb.mtf.stuba.sk/obsahy/psychologie_prodeje_90.pdf  |u https://sweb.mtf.stuba.sk/obsahy/psychologie_prodeje_90.pdf  |3 OBSAH 
996 |b 284M038581  |c M*8078-1  |l MMKN  |s A  |a 24  |w stu38058_0001 
996 |b M 25524  |c M*8078-2  |l MMKN  |s A  |a 24  |w stu38058_0002